Random vlaggen van Europa - Statistieken

Algemene statistieken
  • Deze quiz is 178 keer genomen
  • De gemiddelde score is 14 van 15
Antwoordstatistieken
Foto Antwoord % Correct
België
99%
Duitsland
99%
Nederland
99%
Frankrijk
96%
Polen
96%
Portugal
96%
Spanje
96%
Zweden
96%
Verenigd koninkrijk
94%
Finland
93%
Noorwegen
93%
Rusland
93%
Luxemburg
92%
Oostenrijk
91%
Kroatië
90%
Geen overeenkomende quizzen gevonden
Scoreverdeling
Procent van Mensen met Elke Score
Percentiel versus Aantal Correcte Antwoorden
Uw Scoregeschiedenis
U heeft deze quiz nog niet genomen